The Implementation Gap: Understanding reform in High Schools (Record no. 25327)
[ view plain ]
| 000 -LEADER | |
|---|---|
| fixed length control field | 00706nam a22002177a 4500 |
| 003 - CONTROL NUMBER IDENTIFIER | |
| control field | OSt |
| 005 - DATE AND TIME OF LATEST TRANSACTION | |
| control field | 20260629115707.0 |
| 008 - FIXED-LENGTH DATA ELEMENTS--GENERAL INFORMATION | |
| fixed length control field | 260629b |||||||| |||| 00| 0 eng d |
| 020 ## - INTERNATIONAL STANDARD BOOK NUMBER | |
| International Standard Book Number | 9780807748459 |
| 040 ## - CATALOGING SOURCE | |
| Transcribing agency | Chuka University Library |
| 050 ## - LIBRARY OF CONGRESS CALL NUMBER | |
| Classification number | LA 222 |
| Item number | .I47 2008 |
| 100 ## - MAIN ENTRY--PERSONAL NAME | |
| Personal name | Supovitz, Jonatham (Ed.) |
| 9 (RLIN) | 31430 |
| 245 ## - TITLE STATEMENT | |
| Title | The Implementation Gap: Understanding reform in High Schools |
| 260 ## - PUBLICATION, DISTRIBUTION, ETC. | |
| Place of publication, distribution, etc. | New York |
| Name of publisher, distributor, etc. | Teacher's College Press |
| Date of publication, distribution, etc. | 2008 |
| 300 ## - PHYSICAL DESCRIPTION | |
| Extent | x, 195pp |
| 650 ## - SUBJECT ADDED ENTRY--TOPICAL TERM | |
| Topical term or geographic name entry element | Education, Secondary - United States |
| 9 (RLIN) | 29153 |
| 650 ## - SUBJECT ADDED ENTRY--TOPICAL TERM | |
| Topical term or geographic name entry element | Educational Change - United States |
| 9 (RLIN) | 28252 |
| 700 ## - ADDED ENTRY--PERSONAL NAME | |
| Personal name | Weinbaum, Elliot (Ed.) |
| 9 (RLIN) | 31431 |
| 700 ## - ADDED ENTRY--PERSONAL NAME | |
| Personal name | Fullan, Michael (foreword) |
| 9 (RLIN) | 31432 |
| 942 ## - ADDED ENTRY ELEMENTS (KOHA) | |
| Source of classification or shelving scheme | Library of Congress Classification |
| Koha item type | Long Loan Books |
| Suppress in OPAC | No |
| Withdrawn status | Lost status | Source of classification or shelving scheme | Damaged status | Not for loan | Collection | Home library | Current library | Shelving location | Date acquired | Source of acquisition | Cost, normal purchase price | Total Checkouts | Full call number | Barcode | Date last seen | Price effective from | Koha item type |
|---|---|---|---|---|---|---|---|---|---|---|---|---|---|---|---|---|---|
| Library of Congress Classification | General Collection Books | Main Campus Library | Main Campus Library | General Stacks | 29/06/2026 | Donations from books of Africa | 7246.52 | LA 222 .I47 2008 | 36013/2026 | 29/06/2026 | 29/06/2026 | Long Loan Books |
